Numerical methods for engineers / (Record no. 2213)
[ view plain ]
| 000 -LEADER | |
|---|---|
| fixed length control field | 00502cam a2200193ua 4500 |
| 020 ## - INTERNATIONAL STANDARD BOOK NUMBER | |
| ISBN | 0-07-100412-2 |
| 041 ## - LANGUAGE CODE | |
| Language code of text/sound track or separate title | eng |
| 082 ## - DEWEY DECIMAL CLASSIFICATION NUMBER | |
| Classification number | 515.6124 |
| Item number | CHA/NU |
| 100 ## - MAIN ENTRY--AUTHOR NAME | |
| Personal name | Chapra, steven C . |
| 245 ## - TITLE STATEMENT | |
| Title | Numerical methods for engineers / |
| 250 ## - EDITION STATEMENT | |
| Edition statement | 2 / |
| 260 ## - PUBLICATION, DISTRIBUTION, ETC. (IMPRINT) | |
| Place of publication | Newyork : |
| Name of publisher | McGraw Hill Book Company , |
| Year of publication | 1989. |
| 300 ## - PHYSICAL DESCRIPTION | |
| Number of Pages | 812 ; . |
| 700 1# - ADDED ENTRY--PERSONAL NAME | |
| Personal name | Canale, Raymond P . |
| 942 ## - ADDED ENTRY ELEMENTS (KOHA) | |
| Koha item type | Books |
| Withdrawn status | Lost status | Damaged status | Home library | Current library | Date acquired | Full call number | Accession Number | Koha item type | Collection code | Shelving location |
|---|---|---|---|---|---|---|---|---|---|---|
| KAUAET | KAUAET | 07/04/2012 | 515.6124 | 17752 | Books | |||||
| KAUAET | KAUAET | 07/04/2012 | 515.6124 | 21752 | Books | |||||
| KAUAET | KAUAET | 27/12/2021 | 515.6124 CHA/NU | 25146 | Books | |||||
| KAUAET | KAUAET | 25/08/2022 | 515.6124 CHA/NU | 25145 | Books | General Books | General Stacks |
